| 000 | 01804nam a2200349 4500 | ||
|---|---|---|---|
| 005 | 20240530110347.0 | ||
| 008 | 141210s2002 ua d grb 000 0 ara d | ||
| 017 |
_a6534 _bمصر . دار الكتب المصرية |
||
| 040 | _aEG-CaGPL | ||
| 041 | 0 | _aara | |
| 082 | 0 | 4 |
_221 _a020.05\ _bم إ |
| 110 | 2 |
_aالمكتبة الاكاديمية _eناشر |
|
| 245 | 1 | 2 |
_aالاتجاهات الحديثة فى المكتبات و المعلومات : _bكتاب دورى يصدر مؤقتا مرتين فى السنة / _cرئيس التحرير محمد فتحى عبد الهادى ؛ لجنة التحرير هشام عبدالله عباس ... [ واخ ] ؛ مدير التحرير محمد عوض العايدى _nالمجلد التاسع ، العدد السابع عشر ( يناير 2002 ) |
| 260 |
_aالقاهرة : _bالمكتبة الاكاديمية ، _c2002 |
||
| 300 |
_a299 ص ؛ _c26 سم |
||
| 504 | _aببليوجرافية : ص 293 - 299 | ||
| 650 | 0 | 4 |
_aالمكتبات _xعلم |
| 650 | 0 | 4 | _aالخدمة المكتبية |
| 650 | 0 | 4 | _aشبكات المكتبات و المعلومات |
| 650 | 0 | 4 |
_aالمكتبات _xبرامج الحاسبات |
| 650 | 0 | 4 |
_aالمعلومات _xعلم |
| 650 | 0 | 4 |
_aالمكتبات _xفهارس |
| 650 | 0 | 4 | _aنظم المعلومات |
| 700 | 0 |
_aمحمد فتحى عبدالهادى _eرئيس التحرير |
|
| 700 | 0 |
_a هشام عبدالله عباس _eمحرر مشارك |
|
| 700 | 0 |
_aالسيد احمد حسب الله _eمحرر مشارك |
|
| 700 | 0 |
_aاسامة السيد محمود _eمحرر مشارك |
|
| 700 | 0 |
_aابراهيم البندارى _eمحرر مشارك |
|
| 700 | 0 |
_aمحمد عوض العايدى _eمحرر مشارك |
|
| 942 |
_2ddc _cBK |
||
| 999 |
_c59991 _d59991 |
||